[Event "GBR-ch 104th"]
[Site "Llandudno"]
[Date "2017.08.04"]
[Round "7"]
[White "Howell, Oliver W"]
[Black "Ashworth, Michael"]
[Result "1/2-1/2"]
[WhiteElo "1701"]
[BlackElo "1946"]
[PlyCount "91"]
[EventDate "2017.07.29"]
[EventType "swiss"]
[EventRounds "9"]
[EventCountry "WLS"]
[SourceTitle "CBM 179 Extra"]
[Source "ChessBase"]
[SourceDate "2017.08.23"]
[SourceVersion "1"]
[SourceVersionDate "2017.08.23"]
[SourceQuality "1"]

1. Nf3 Nf6 2. c4 g6 3. g3 Bg7 4. Bg2 0-0 5. 0-0 d6 6. d4 Nc6 7. Nc3 a6 8. d5 Na5 9. Nd2 c5 10. Rb1 Ng4 11. Qc2 Ne5 12. b3 Rb8 13. Bb2 b5 14. Nd1 bxc4 15. Nxc4 Naxc4 16. bxc4 f6 17. f4 Nf7 18. e4 e5 19. Ne3 Bd7 20. f5 Bh6 21. Bc1 Rxb1 22. Qxb1 Bxe3+ 23. Bxe3 gxf5 24. Bh3 f4 25. Bxd7 Qxd7 26. gxf4 Qh3 27. Qe1 Kh8 28. Rf2 Rg8+ 29. Kh1 Nh6 30. Qe2 Rg3 31. Bd2 Ra3 32. Bc1 Rd3 33. fxe5 Ng4 34. Rg2 Nxe5 35. Bf4 Rc3 36. Bxe5 Rc1+ 37. Rg1 Rxg1+ 38. Kxg1 fxe5 39. Qf1 Qxf1+ 40. Kxf1 Kg7 41. Kf2 Kg6 42. Kg3 Kg5 43. h4+ Kh5 44. Kh3 Kg6 45. Kg4 h5+ 46. Kf3 1/2-1/2

[Event "GBR-ch Morning op 104th"]
[Site "Llandudno"]
[Date "2017.07.31"]
[Round "1"]
[White "Somton, Anita"]
[Black "Ashworth, Michael"]
[Result "0-1"]
[WhiteElo "1705"]
[BlackElo "1946"]
[PlyCount "128"]
[EventDate "2017.07.31"]
[EventType "swiss"]
[EventRounds "5"]
[EventCountry "WLS"]
[SourceTitle "EXT 2018"]
[Source "ChessBase"]
[SourceDate "2017.10.13"]
[SourceVersion "1"]
[SourceVersionDate "2017.10.13"]
[SourceQuality "1"]

1. d4 Nf6 2. c4 g6 3. Nc3 Bg7 4. e4 d6 5. Bd3 0-0 6. Nge2 c5 7. d5 Nbd7 8. 0-0 Ne5 9. f4 Nxd3 10. Qxd3 e6 11. dxe6 Bxe6 12. f5 Bc8 13. Bf4 Re8 14. Ng3 Ng4 15. Nge2 Ne5 16. Bxe5 Bxe5 17. Rf3 Bd7 18. Raf1 g5 19. g4 Bc6 20. b3 f6 21. Nd5 Qd7 22. R1f2 Qf7 23. Rh3 Rab8 24. a4 Bxd5 25. exd5 Qe7 26. Rh5 Rf8 27. h4 Qg7 28. Rg2 Rbe8 29. Qd2 h6 30. Qd3 Kf7 31. Qd2 Rg8 32. Qa5 a6 33. b4 Rc8 34. b5 axb5 35. Qxb5 Rc7 36. Kf2 gxh4 37. Rxh4 Qg5 38. Rh3 Qd2 39. Qb1 Re7 40. Qc1 Qxc1 41. Nxc1 Bd4+ 42. Kf1 Rge8 43. Re2 Be3 44. Na2 Re4 45. Nc3 Rf4+ 46. Ke1 Bf2+ 47. Kd2 Rd4+ 48. Kc2 Rxe2+ 49. Nxe2 Rxc4+ 50. Kb3 Rb4+ 51. Kc3 Rxg4 52. Rxh6 Kg7 53. Rh2 Be1+ 54. Kb3 Rg5 55. Rh1 Bf2 56. Nf4 Rxf5 57. Ne6+ Kg6 58. Rf1 Bd4 59. Rd1 Rf3+ 60. Ka2 Be5 61. Rg1+ Rg3 62. Rf1 f5 63. Nf8+ Kg5 64. Ne6+ Kg4 0-1

[Event "BCF-chT4S 1617 (4NCL)"]
[Site "England"]
[Date "2017.02.12"]
[Round "6.31"]
[White "Ashworth, Michael"]
[Black "Vachtfeidl, Petr"]
[Result "1-0"]
[WhiteElo "2095"]
[BlackElo "1983"]
[PlyCount "75"]
[EventDate "2016.11.26"]
[EventType "team-swiss"]
[EventRounds "11"]
[EventCountry "ENG"]
[SourceTitle "EXT 2019"]
[Source "ChessBase"]
[SourceDate "2018.10.10"]
[SourceVersion "1"]
[SourceVersionDate "2018.10.10"]
[SourceQuality "1"]
[WhiteTeam "Wood Green II"]
[BlackTeam "CSC Rhinos"]
[WhiteTeamCountry "ENG"]
[BlackTeamCountry "ENG"]

1. Nf3 g6 2. g3 Bg7 3. Bg2 c5 4. 0-0 Nc6 5. c4 e6 6. Nc3 Nge7 7. d3 d5 8. e4 dxc4 9. dxc4 Qxd1 10. Nxd1 b6 11. Bd2 Ba6 12. Rc1 0-0-0 13. b3 Ne5 14. Bc3 Nxf3+ 15. Bxf3 Bxc3 16. Nxc3 Rd2 17. Rfd1 Rhd8 18. Kf1 Nc6 19. Ke1 Nd4 20. Kxd2 Nxf3+ 21. Ke3 Nd4 22. e5 Bb7 23. Ne4 Bxe4 24. Kxe4 Kc7 25. f4 h5 26. h3 h4 27. gxh4 Rh8 28. b4 Rxh4 29. bxc5 bxc5 30. Rd3 g5 31. Rf1 Ne2 32. Kf3 Nxf4 33. Re3 Rxh3+ 34. Ke4 Rh2 35. Ra3 Re2+ 36. Kf3 Rxe5 37. Rxa7+ Kb6 38. Rxf7 1-0

[Event "BCF-ch Weekend op"]
[Site "Bournemouth"]
[Date "2016.07.31"]
[Round "4"]
[White "Ashworth, Michael"]
[Black "Freeland, Alex"]
[Result "0-1"]
[WhiteElo "1884"]
[BlackElo "1946"]
[PlyCount "76"]
[EventDate "2016.07.29"]
[EventType "swiss"]
[EventRounds "5"]
[EventCountry "ENG"]
[SourceTitle "CBM 173 Extra"]
[Source "ChessBase"]
[SourceDate "2016.08.29"]
[SourceVersion "1"]
[SourceVersionDate "2016.08.29"]
[SourceQuality "1"]

1. d4 d5 2. c4 c6 3. Nf3 Nf6 4. Nc3 a6 5. a4 e6 6. e3 Nbd7 7. Bd3 Bd6 8. 0-0 0-0 9. e4 dxc4 10. Bxc4 e5 11. Bg5 Qc7 12. d5 c5 13. h3 Rb8 14. Qe2 Nh5 15. Nh4 Nf4 16. Bxf4 exf4 17. Nf5 Ne5 18. Nxd6 Qxd6 19. f3 Qg6 20. Kh1 Rd8 21. b3 Qh5 22. Qd2 g5 23. Nd1 Rd6 24. Be2 Bxh3 25. Kg1 Bxg2 26. Kxg2 Rh6 27. Rg1 Qh2+ 28. Kf1 Nxf3 29. Bxf3 Qxd2 30. Rxg5+ Kh8 31. Nf2 Qc3 32. Rd1 Qxf3 33. d6 Rh1+ 34. Rg1 Rxg1+ 35. Kxg1 Rg8+ 36. Kf1 Rg2 37. Rd2 Rxf2+ 38. Rxf2 Qd3+ 0-1

[Event "BCF-ch Weekend op"]
[Site "Bournemouth"]
[Date "2016.07.30"]
[Round "3"]
[White "Du Toit, Reenen J"]
[Black "Ashworth, Michael"]
[Result "0-1"]
[WhiteElo "1975"]
[BlackElo "1884"]
[PlyCount "88"]
[EventDate "2016.07.29"]
[EventType "swiss"]
[EventRounds "5"]
[EventCountry "ENG"]
[SourceTitle "CBM 173 Extra"]
[Source "ChessBase"]
[SourceDate "2016.08.29"]
[SourceVersion "1"]
[SourceVersionDate "2016.08.29"]
[SourceQuality "1"]

1. c4 Nf6 2. Nc3 g6 3. g3 Bg7 4. Bg2 0-0 5. d3 d6 6. e4 Nc6 7. Nge2 a6 8. 0-0 Rb8 9. a4 e5 10. h3 Nd7 11. Nd5 b5 12. axb5 axb5 13. b3 Nc5 14. Be3 Ne6 15. Rc1 Bd7 16. c5 Ncd4 17. Bxd4 exd4 18. cxd6 cxd6 19. b4 Kh8 20. f4 f5 21. exf5 Rxf5 22. g4 Rf7 23. Ng3 Qf8 24. Ne2 Bh6 25. g5 Bg7 26. h4 Nd8 27. Ng3 Ne6 28. Qd2 Qd8 29. Be4 Bf8 30. h5 gxh5 31. Qh2 Ng7 32. Nxh5 Bf5 33. Nhf6 Bxe4 34. dxe4 Ne8 35. Nxe8 Qxe8 36. Nf6 Qe6 37. Rc6 Be7 38. e5 Bxf6 39. exf6 Rg8 40. Rfc1 Qxf6 41. Rf1 Rxg5+ 42. Kh1 Rg6 43. Rc8+ Rf8 44. Rxf8+ Qxf8 0-1

[Event "BCF-ch Week1 AM op"]
[Site "Bournemouth"]
[Date "2016.07.29"]
[Round "5"]
[White "Ashworth, Michael"]
[Black "Wright, Jonathan"]
[Result "1-0"]
[WhiteElo "1884"]
[BlackElo "1856"]
[PlyCount "123"]
[EventDate "2016.07.25"]
[EventType "swiss"]
[EventRounds "5"]
[EventCountry "ENG"]
[SourceTitle "CBM 173 Extra"]
[Source "ChessBase"]
[SourceDate "2016.08.29"]
[SourceVersion "1"]
[SourceVersionDate "2016.08.29"]
[SourceQuality "1"]

1. d4 Nf6 2. c4 c5 3. d5 e6 4. Nc3 exd5 5. cxd5 d6 6. Nf3 g6 7. Bf4 Bg7 8. Qa4+ Kf8 9. e4 Nh5 10. Bg5 f6 11. Be3 Nd7 12. Be2 Nb6 13. Qb3 Kf7 14. Nd2 Bf8 15. Bxh5 gxh5 16. Ne2 Qe7 17. a4 Rg8 18. a5 Nd7 19. Nf4 Ne5 20. Bxc5 Bh6 21. Be3 Bxf4 22. Bxf4 Rxg2 23. Bg3 h4 24. Bxh4 Rg6 25. 0-0-0 b6 26. f4 Nd7 27. e5 Nc5 28. e6+ Kg8 29. Qe3 Ba6 30. Ne4 Rc8 31. Kb1 Nxe4 32. Qxe4 Rh6 33. Rhg1+ Kh8 34. Bg3 Rh5 35. Rc1 Rc5 36. Rxc5 bxc5 37. f5 Rg5 38. Rd1 Rg8 39. Qf4 Rd8 40. Rg1 Bb5 41. Bh4 Rg8 42. Rxg8+ Kxg8 43. Qh6 Bd3+ 44. Kc1 Qg7 45. Qxg7+ Kxg7 46. Bg3 Bxf5 47. Bxd6 Be4 48. Bxc5 Bxd5 49. Bxa7 Bxe6 50. b4 Kf7 51. Kd2 Ke7 52. Kc3 Kd7 53. b5 Kc7 54. Bd4 f5 55. Be5+ Kb7 56. Kb4 Bd5 57. Kc5 Be4 58. Bf4 Bf3 59. Be3 h5 60. a6+ Kc8 61. b6 h4 62. b7+ 1-0

[Event "BCF-ch Week1 AM op"]
[Site "Bournemouth"]
[Date "2016.07.25"]
[Round "1"]
[White "Ashworth, Michael"]
[Black "Gaudeau, Valentin"]
[Result "0-1"]
[WhiteElo "1884"]
[BlackElo "2147"]
[PlyCount "78"]
[EventDate "2016.07.25"]
[EventType "swiss"]
[EventRounds "5"]
[EventCountry "ENG"]
[SourceTitle "CBM 173 Extra"]
[Source "ChessBase"]
[SourceDate "2016.08.29"]
[SourceVersion "1"]
[SourceVersionDate "2016.08.29"]
[SourceQuality "1"]

1. d4 f5 2. Nc3 Nf6 3. Bg5 d5 4. Bxf6 exf6 5. e3 Be6 6. Bd3 Qd7 7. Qf3 Nc6 8. a3 0-0-0 9. Nge2 Kb8 10. Nf4 Bf7 11. 0-0 Ne7 12. Bb5 c6 13. Ba4 Nc8 14. b4 Nd6 15. Rfc1 Ne4 16. Nd1 Bd6 17. Nd3 b6 18. c3 g5 19. Qe2 Bc7 20. Bb3 h5 21. a4 Qd6 22. f4 c5 23. bxc5 bxc5 24. Nxc5 Nxc5 25. dxc5 Qxc5 26. Qb5+ Bb6 27. Qxc5 Bxc5 28. Rab1 Ka8 29. g3 h4 30. Rc2 hxg3 31. hxg3 Rh3 32. Rg2 Re8 33. Kf2 Rh1 34. Bc2 Bh5 35. Rg1 Bxd1 36. Rgxd1 Rh2+ 37. Kg1 Rxc2 38. Rxd5 Bxe3+ 39. Kf1 Rh8 0-1

[Event "BCF-chT3Sc 1516 (4NCL)"]
[Site "England"]
[Date "2016.05.02"]
[Round "11.68"]
[White "Ashworth, Michael"]
[Black "Simons, Martin J"]
[Result "1/2-1/2"]
[WhiteElo "1852"]
[BlackElo "2028"]
[PlyCount "175"]
[EventDate "2016.03.20"]
[EventType "team-swiss"]
[EventRounds "11"]
[EventCountry "ENG"]
[SourceTitle "EXT 2017"]
[Source "ChessBase"]
[SourceDate "2016.10.25"]
[SourceVersion "1"]
[SourceVersionDate "2016.10.25"]
[SourceQuality "1"]
[WhiteTeam "Midland Monarchs"]
[BlackTeam "Wessex"]
[WhiteTeamCountry "ENG"]
[BlackTeamCountry "ENG"]

1. d4 c5 2. d5 Nf6 3. c4 b5 4. cxb5 a6 5. bxa6 g6 6. Nc3 Bxa6 7. e4 Bxf1 8. Kxf1 d6 9. g3 Bg7 10. Kg2 0-0 11. Nf3 Nbd7 12. Qe2 Ng4 13. Bf4 Qa5 14. h3 Nge5 15. Nxe5 Nxe5 16. Bxe5 Bxe5 17. Rhc1 Rfb8 18. Qc2 Qb4 19. Rab1 Qc4 20. b3 Qxc3 21. Qxc3 Bxc3 22. Rxc3 Rxa2 23. Kf3 Rb4 24. Rd1 Rb2 25. Rdd3 Kg7 26. Re3 Kf6 27. g4 g5 28. Kg3 Ke5 29. f3 Rd4 30. Rcd3 Rb4 31. Rc3 Rb8 32. Red3 Ra8 33. Rc1 Raa2 34. Rg1 Ra3 35. h4 h6 36. hxg5 hxg5 37. Rh1 Rbxb3 38. Rxb3 Rxb3 39. Rh7 Kf6 40. Rh8 Rb2 41. Rc8 e6 42. dxe6 fxe6 43. Rf8+ Kg7 44. Rd8 Rd2 45. Rd7+ Kf6 46. Rc7 Ra2 47. Rd7 Ra6 48. Rc7 Ke5 49. Rg7 c4 50. Rxg5+ Kd4 51. Rh5 c3 52. g5 c2 53. Rh1 Rc6 54. Rc1 Ke3 55. g6 Kd2 56. Rxc2+ Rxc2 57. f4 Ke3 58. g7 Rc8 59. f5 Kxe4 60. f6 Rg8 61. Kf2 Ke5 62. f7 Rxg7 63. f8Q Rg5 64. Qh8+ Kd5 65. Qc3 Rf5+ 66. Ke3 e5 67. Qd3+ Ke6 68. Qc4+ Ke7 69. Qc7+ Ke6 70. Qc8+ Kf6 71. Qd7 Rf4 72. Qxd6+ Kf5 73. Qd7+ Kf6 74. Qh3 Rd4 75. Qf3+ Rf4 76. Qc6+ Kf5 77. Qd7+ Kf6 78. Qd6+ Kf5 79. Qe7 Rd4 80. Qf7+ Kg5 81. Qe6 Rf4 82. Qxe5+ Rf5 83. Qg7+ Kh4 84. Ke4 Rg5 85. Qf6 Kg4 86. Qf3+ Kh4 87. Kf4 Rf5+ 88. Kxf5 1/2-1/2